00282nam a2200109Ia 4500100002700000654001100027245006200038260003300100082001900133300000800152546001200160 aLecarme/ O/ Nebut/J.L  apascal aPascal for programmers : Short self instructional course bMc Graw HillaNew Yorkc1986 a1.6424bLEC/NE a272 aENGLISH